Budaya meniru menurut pandangan Islam

Bibliographic Details
Main Author: Aql, Nasir ibn 'abd al-Karim
Other Authors: Baharuddin Ayudin
Format: Book
Published: Selangor : Al-Ramadhan , 1996
Series:Siri Iman
Subjects:

MARC

LEADER 00000cam a2200000 7i4500
001 0000031346
005 20120117.0
008 120117
020 |a 9830401154 
090 0 0 |a 297.44   |b AQL 
100 1 |a Aql, Nasir ibn 'abd al-Karim 
245 1 0 |a Budaya meniru menurut pandangan Islam   |c Nasir ibn 'abd al-Karim al-'Aql 
260 |a Selangor :   |b Al-Ramadhan ,   |c 1996 
440 |a Siri Iman 
650 0 |a Culture diffusion   |x religious aspects   |x Islam 
650 0 |a Islam   |x customs and practices 
650 0 |a Religious life   |x Islam 
700 1 |a Baharuddin Ayudin 
999 |a 0000451359   |b Book   |c Adult Collection   |e Cawangan Bandar Penawar 
999 |a 0000764084   |b Book   |c Adult Collection   |e Cawangan Bandar Penawar 
999 |a 0000764085   |b Book   |c Adult Collection   |e Cawangan Bandar Penawar 
999 |a 0000764086   |b Book   |c Adult Collection   |e Cawangan Bandar Penawar 
999 |a 0000775560   |b Book   |c Adult Collection   |e Cawangan Pontian 
999 |a 0000775561   |b Book   |c Adult Collection   |e Cawangan Pontian 
999 |a 0000775562   |b Book   |c Adult Collection   |e Cawangan Pontian 
999 |a 0000775564   |b Book   |c Adult Collection   |e Cawangan Pontian 
999 |a 0000789154   |b Book   |c Adult Collection   |e Cawangan Segamat 
999 |a 0000789155   |b Book   |c Adult Collection   |e Cawangan Segamat 
999 |a 0000789156   |b Book   |c Adult Collection   |e Cawangan Segamat 
999 |a 0000830913   |b Book   |c Children Collection   |e Cawangan Segamat 
999 |a 0000834126   |b Book   |c Adult Collection   |e Cawangan Mersing 
999 |a 0000834127   |b Book   |c Adult Collection   |e Cawangan Mersing 
999 |a 0000834128   |b Book   |c Adult Collection   |e Cawangan Mersing 
999 |a 0000860912   |b Book   |c Children Collection   |e Cawangan Segamat 
999 |a 0000873940   |b Book   |c Adult Collection   |e Cawangan Bandar Penawar 
999 |a 0000873942   |b Book   |c Adult Collection   |e Cawangan Pontian 
999 |a 0000888114   |b Book   |c Adult Collection   |e Cawangan Bandar Penawar 
999 |a 0001028273   |b Book   |c Adult Collection   |e Perbadanan Perpustakaan Awam Johor 
999 |a 0001130912   |b Book   |c Adult Collection   |e Cawangan Pontian